Mô học

Nội dung sách nhằm cung cấp cho các sinh viên, học viên chuyên ngành Khoa học Sức Khỏe những kiến thức về hình thái của cơ thể, nền tảng lý luận cho chẩn đoán và điều trị trong thực tiễn.

محفوظ في:
التفاصيل البيبلوغرافية
المؤلف الرئيسي: Trần Công Toại (Chủ biên)
مؤلفون آخرون: Nhan Ngọc Hiền (Biên soạn), Nguyễn Phương Thảo (Biên soạn)
التنسيق: كتاب
اللغة:Vietnamese
منشور في: Tp. Hồ Chí Minh Đại học Quốc gia TP. Hồ Chí MInh 2018
الموضوعات:
الوسوم: إضافة وسم
لا توجد وسوم, كن أول من يضع وسما على هذه التسجيلة!
Thư viện lưu trữ: Thư viện Trường Đại học Nam Cần Thơ
LEADER 01867nam a22002657a 4500
001 NCT_147874
008 230406b xxu||||| |||| 00| 0 vie d
999 |c 7619  |d 7619 
020 |a 9786047364299  |c 280000 
082 0 4 |2 23rd ed.  |a 611.018  |b T404 
100 1 |a Trần Công Toại  |e Chủ biên 
245 1 0 |a Mô học  |c Trần Công Toại (Chủ biên); Nhan Ngọc Hiền, Nguyễn Phương Thảo...(Biên soạn) 
260 |a Tp. Hồ Chí Minh  |b Đại học Quốc gia TP. Hồ Chí MInh  |c 2018 
300 |a 263 tr.  |b minh họa  |c 24cm 
520 3 |a Nội dung sách nhằm cung cấp cho các sinh viên, học viên chuyên ngành Khoa học Sức Khỏe những kiến thức về hình thái của cơ thể, nền tảng lý luận cho chẩn đoán và điều trị trong thực tiễn. 
653 |a Y Đa khoa 
700 1 |a  Nhan Ngọc Hiền  |e Biên soạn 
700 1 |a Nguyễn Phương Thảo  |e Biên soạn 
942 |2 ddc  |c BK 
952 |0 0  |1 0  |2 ddc  |4 0  |6 611_018000000000000_T404  |7 0  |9 27365  |a 000001  |b 000001  |d 2023-04-06  |o 611.018 T404  |p MD.21619  |r 2023-04-06  |v 280000.00  |w 2023-04-06  |y BK 
952 |0 0  |1 0  |2 ddc  |4 0  |6 611_018000000000000_T404  |7 0  |9 27366  |a 000001  |b 000001  |d 2023-04-06  |o 611.018 T404  |p MD.21620  |r 2023-04-06  |v 280000.00  |w 2023-04-06  |y BK 
952 |0 0  |1 0  |2 ddc  |4 0  |6 611_018000000000000_T404  |7 0  |9 27367  |a 000001  |b 000001  |d 2023-04-06  |o 611.018 T404  |p MD.21621  |r 2023-04-06  |v 280000.00  |w 2023-04-06  |y BK 
952 |0 0  |1 0  |2 ddc  |4 0  |6 611_018000000000000_T404  |7 0  |9 27368  |a 000001  |b 000001  |d 2023-04-06  |l 1  |o 611.018 T404  |p MD.21622  |r 2023-04-25  |s 2023-04-11  |v 280000.00  |w 2023-04-06  |y BK 
952 |0 0  |1 0  |2 ddc  |4 0  |6 611_018000000000000_T404  |7 0  |9 27369  |a 000001  |b 000001  |d 2023-04-06  |o 611.018 T404  |p MD.21623  |r 2023-04-06  |v 280000.00  |w 2023-04-06  |y BK 
980 |a Thư viện Trường Đại học Nam Cần Thơ